Allama Iqbal / (Record no. 616126)

000 -LEADER
fixed length control field 00508nam a22001697a 4500
003 - CONTROL NUMBER IDENTIFIER
control field NUST
005 - DATE AND TIME OF LATEST TRANSACTION
control field 20260209092001.0
008 - FIXED-LENGTH DATA ELEMENTS--GENERAL INFORMATION
fixed length control field 260209b ||||| |||| 00| 0 eng d
020 ## - INTERNATIONAL STANDARD BOOK NUMBER
International Standard Book Number 978-9695623732
082 ## - DEWEY DECIMAL CLASSIFICATION NUMBER
Classification number 891.439
100 ## - MAIN ENTRY--PERSONAL NAME
Personal name Malik, Nadeem Shafiq.
245 ## - TITLE STATEMENT
Title Allama Iqbal /
Remainder of title As Reported in the Police Abstract of Intelligence, Punjab (1904–1935) /
Statement of responsibility, etc. Malik, Nadeem Shafiq.
260 ## - PUBLICATION, DISTRIBUTION, ETC.
Place of publication, distribution, etc. Lahore:
Name of publisher, distributor, etc. Fiction House Lahore,
Date of publication, distribution, etc. 2015.
300 ## - PHYSICAL DESCRIPTION
Extent 208 p ;
563 ## - BINDING INFORMATION
Binding note Hardcover
942 ## - ADDED ENTRY ELEMENTS (KOHA)
Source of classification or shelving scheme
Koha item type Book
Holdings
Withdrawn status Lost status Source of classification or shelving scheme Damaged status Not for loan Permanent Location Current Location Date acquired Total Checkouts Full call number Barcode Date last seen Price effective from Koha item type
          Institute of Geographical Information Systems (IGIS) Institute of Geographical Information Systems (IGIS) 02/09/2026   891.439 IGIS-1074 02/09/2026 02/09/2026 Book
          Institute of Geographical Information Systems (IGIS) Institute of Geographical Information Systems (IGIS) 02/09/2026   891.439 IGIS-1075 02/09/2026 02/09/2026 Book
© 2023 Central Library, National University of Sciences and Technology. All Rights Reserved.